[Event "SVK-chT 2324"]
[Site "Slovakia"]
[Date "2023.11.04"]
[Round "1.6"]
[White "Kusiak, Matej"]
[Black "Jurcik, Martin"]
[Result "1-0"]
[WhiteElo "2235"]
[BlackElo "2367"]
[PlyCount "175"]
[EventDate "2023.11.04"]
[EventType "team-tourn"]
[EventRounds "11"]
[EventCountry "SVK"]
[SourceTitle "Mega2024 Update 01"]
[Source "Chessbase"]
[SourceDate "2023.11.12"]
[SourceVersion "1"]
[SourceVersionDate "2023.11.12"]
[SourceQuality "1"]
[WhiteTeam "Humenne Reinter"]
[BlackTeam "Cadca Caissa"]
[WhiteTeamCountry "SVK"]
[BlackTeamCountry "SVK"]

1. e4 g6 2. d4 Bg7 3. c4 d6 4. Nc3 e5 5. dxe5 dxe5 6. Qxd8+ Kxd8 7. Nf3 h6 8. Be3 Bg4 9. Nd2 Nc6 10. c5 Nd4 11. Rc1 Ne7 12. b4 a6 13. Bc4 Be6 14. Nd5 Nec6 15. a3 f5 16. f3 Kd7 17. 0-0 f4 18. Bxd4 Nxd4 19. Nb3 Raf8 20. c6+ bxc6 21. Nc5+ Kd6 22. Nb7+ Kd7 23. Nc5+ Kd6 24. Nxe6 Nxe6 25. Nc3 Nd4 26. Na4 Ra8 27. Nc5 Rhb8 28. Nb3 Rb6 29. Na5 Ke7 30. Rfd1 Rd8 31. Bf1 Ke6 32. Kf2 Bf6 33. Bc4+ Ke7 34. Ba2 Ra8 35. Rc5 Kd7 36. Nxc6 Re8 37. Bf7 Rf8 38. Nxe5+ Bxe5 39. Rxe5 Rxf7 40. Rxd4+ Kc8 41. Re8+ Kb7 42. Rdd8 g5 43. Ke2 Rff6 44. e5 Rg6 45. Kd3 g4 46. Ke4 gxf3 47. gxf3 Rg2 48. Rb8+ Kc6 49. Rxb6+ Kxb6 50. Re6+ Kb5 51. Rxh6 Ra2 52. e6 Rxa3 53. Kxf4 Kc6 54. e7+ Kd7 55. Re6 Ke8 56. h4 a5 57. bxa5 Rxa5 58. Re5 Ra1 59. Kg5 c5 60. Rxc5 Kxe7 61. Rf5 Ke6 62. Rf6+ Ke7 63. Rf4 Ra5+ 64. Kg6 Ra6+ 65. Kg7 Ra5 66. Re4+ Kd7 67. Kg6 Ra6+ 68. Kg5 Ra5+ 69. Kg4 Ra8 70. f4 Rg8+ 71. Kf3 Rf8 72. Re5 Kd6 73. h5 Rg8 74. Ke4 Rh8 75. Kf3 Rg8 76. Rg5 Rh8 77. Rg6+ Ke7 78. Kg4 Kf7 79. Kg5 Ra8 80. Rf6+ Kg8 81. Rb6 Ra1 82. Rb8+ Kf7 83. h6 Rg1+ 84. Kf5 Rh1 85. h7 Kg7 86. h8Q+ Rxh8 87. Rxh8 Kxh8 88. Kf6 1-0

[Event "SVK-chT 2223"]
[Site "Slovakia"]
[Date "2023.04.01"]
[Round "10.1"]
[White "Kusiak, Matej"]
[Black "Stevik, Patrik1111"]
[Result "0-1"]
[WhiteElo "2246"]
[BlackElo "2148"]
[PlyCount "90"]
[EventDate "2022.10.22"]
[EventType "team-tourn"]
[EventRounds "11"]
[EventCountry "SVK"]
[SourceTitle "EXT 2024"]
[Source "ChessBase"]
[SourceDate "2023.10.10"]
[SourceVersion "1"]
[SourceVersionDate "2023.10.10"]
[SourceQuality "1"]
[WhiteTeam "Humenne Reinter"]
[BlackTeam "Modra"]
[WhiteTeamCountry "SVK"]
[BlackTeamCountry "SVK"]

1. e4 g6 2. d4 Bg7 3. Nc3 d6 4. g3 Nf6 5. Bg2 0-0 6. Nge2 e5 7. 0-0 exd4 8. Nxd4 Re8 9. h3 Nbd7 10. Re1 Nc5 11. f4 c6 12. Kh2 a5 13. Nb3 Be6 14. Be3 Ncxe4 15. Bd4 Nxc3 16. Bxc3 a4 17. Nd4 Bd5 18. Nf3 Be4 19. Qd2 d5 20. Be5 Nd7 21. Bxg7 Kxg7 22. c4 Qf6 23. cxd5 Bxd5 24. Qb4 c5 25. Qd2 Bc6 26. a3 Rad8 27. Qc2 c4 28. Rad1 Bxf3 29. Bxf3 Nc5 30. Bg2 b5 31. Rxe8 Rxe8 32. Rd5 Nb3 33. Qf2 Rd8 34. Rxd8 Qxd8 35. Bc6 Nd4 36. Be4 Qf6 37. h4 h5 38. Kg2 Nb3 39. Qc2 Nc5 40. Bf3 Nd3 41. Qc3 Nxb2 42. Qb4 Nd3 43. Qxb5 Qd4 44. Bd5 Qf2+ 45. Kh3 Qg1 0-1

[Event "SVK-chT1E 2223"]
[Site "Slovakia"]
[Date "2023.03.11"]
[Round "10.1"]
[White "Kusiak, Matej"]
[Black "Hagarova, Zuzana"]
[Result "1-0"]
[WhiteElo "2241"]
[BlackElo "2288"]
[PlyCount "119"]
[EventDate "2022.10.15"]
[EventType "team-tourn"]
[EventRounds "11"]
[EventCountry "SVK"]
[SourceTitle "EXT 2024"]
[Source "ChessBase"]
[SourceDate "2023.10.10"]
[SourceVersion "1"]
[SourceVersionDate "2023.10.10"]
[SourceQuality "1"]
[WhiteTeam "Humenne Reinter II"]
[BlackTeam "Kezmarok KdV"]
[WhiteTeamCountry "SVK"]
[BlackTeamCountry "SVK"]

1. e4 e6 2. d4 d5 3. Nc3 Nf6 4. e5 Nfd7 5. f4 c5 6. Nf3 Nc6 7. Be3 a6 8. Qd2 b5 9. a3 Qb6 10. Qf2 cxd4 11. Nxd4 Nxd4 12. Bxd4 Bc5 13. Bxc5 Qxc5 14. Bd3 0-0 15. 0-0 Rb8 16. Qxc5 Nxc5 17. b4 Nd7 18. Rae1 Nb6 19. Ne2 Bb7 20. Nd4 g6 21. g4 Nc4 22. Bxc4 dxc4 23. c3 Bd5 24. h4 h6 25. Ra1 Rfd8 26. Kf2 Bb7 27. Ke3 Rd5 28. a4 bxa4 29. Rxa4 Rc8 30. Rfa1 g5 31. hxg5 hxg5 32. Ra5 gxf4+ 33. Kxf4 Rdd8 34. Rc5 Kg7 35. Raa5 Rxc5 36. Rxc5 Kg6 37. Rxc4 Rh8 38. Rc7 Bg2 39. Kg3 Bf1 40. Nf3 Rh1 41. Rc8 Bd3 42. Rg8+ Kh7 43. Rd8 Bb5 44. Rc8 Rc1 45. Ng5+ Kg7 46. Rc7 Kg6 47. Nxf7 Rg1+ 48. Kh2 Rxg4 49. Nd6 Bf1 50. Rf7 Rh4+ 51. Kg3 Rh3+ 52. Kf2 Bb5 53. c4 Bc6 54. Rf6+ Kg5 55. Nf7+ Kg4 56. Rxe6 Be4 57. Rf6 Rb3 58. e6 Rxb4 59. e7 Rb8 60. Nd8 1-0

[Event "SVK-chT 2223"]
[Site "Slovakia"]
[Date "2023.02.26"]
[Round "8.5"]
[White "Kusiak, Matej"]
[Black "Teglas, Balazs"]
[Result "0-1"]
[WhiteElo "2246"]
[BlackElo "2145"]
[PlyCount "102"]
[EventDate "2022.10.22"]
[EventType "team-tourn"]
[EventRounds "11"]
[EventCountry "SVK"]
[SourceTitle "EXT 2024"]
[Source "ChessBase"]
[SourceDate "2023.10.10"]
[SourceVersion "1"]
[SourceVersionDate "2023.10.10"]
[SourceQuality "1"]
[WhiteTeam "Humenne Reinter"]
[BlackTeam "Cebovce"]
[WhiteTeamCountry "SVK"]
[BlackTeamCountry "SVK"]

1. e4 c5 2. Nf3 Nc6 3. Bb5 g6 4. 0-0 Bg7 5. Re1 e5 6. Bxc6 dxc6 7. d3 Qe7 8. Bg5 f6 9. Be3 Nh6 10. h3 Nf7 11. Nbd2 0-0 12. a3 Nd8 13. c3 Ne6 14. Nc4 Rd8 15. Qc2 b6 16. Rad1 Ba6 17. b4 Rd7 18. Re2 Rad8 19. Red2 Kh8 20. Qa4 Bb7 21. Qb3 cxb4 22. axb4 c5 23. b5 Nd4 24. cxd4 cxd4 25. Bxd4 exd4 26. Re1 Rc7 27. Ra2 Bc8 28. Qa3 Be6 29. Qxe7 Rxe7 30. Ra4 Rc7 31. Rea1 Bxc4 32. Rxc4 Rxc4 33. dxc4 d3 34. Rd1 Bf8 35. Kf1 Rc8 36. Rc1 Bb4 37. Nd4 d2 38. Rd1 Rxc4 39. Nc6 Bc3 40. f3 a6 41. Ke2 axb5 42. Ne7 b4 43. Kd3 b5 44. Nd5 f5 45. g4 fxe4+ 46. fxe4 Kg7 47. g5 Kf7 48. Ke3 Ke6 49. Nf4+ Kd6 50. h4 b3 51. Kd3 Ba5 0-1

[Event "EU-Cup Online Gr-H"]
[Site "Tornelo INT"]
[Date "2021.03.28"]
[Round "5.4"]
[White "Kusiak, Matej"]
[Black "Santamaria, Jorge"]
[Result "1/2-1/2"]
[WhiteElo "2251"]
[BlackElo "2185"]
[PlyCount "131"]
[EventDate "2021.03.27"]
[EventType "team-tourn (rapid)"]
[EventRounds "9"]
[EventCountry "NET"]
[SourceTitle "CBM 201 Extra"]
[Source "ChessBase"]
[SourceDate "2021.05.31"]
[SourceVersion "1"]
[SourceVersionDate "2021.05.31"]
[SourceQuality "1"]
[WhiteTeam "Prakovce"]
[BlackTeam "Franconville"]
[WhiteTeamCountry "SVK"]
[BlackTeamCountry "FRA"]

1. e4 c6 2. Nc3 d5 3. Nf3 Bg4 4. Be2 e6 5. h3 Bxf3 6. Bxf3 Nf6 7. d3 Nbd7 8. 0-0 Be7 9. Re1 0-0 10. e5 Ne8 11. Bf4 a6 12. Bh2 Rc8 13. Ne2 b5 14. a4 Qb6 15. a5 Qd8 16. c3 c5 17. b3 Qc7 18. Nf4 Nxe5 19. Rxe5 Qxe5 20. Nxd5 Qg5 21. Bf4 Qxd5 22. Bxd5 exd5 23. Qf3 Nf6 24. Re1 Rfe8 25. g3 h6 26. Be5 Rcd8 27. Re2 Kf8 28. Kg2 Rd7 29. Qf5 Rdd8 30. Bc7 Rc8 31. Be5 Rcd8 32. g4 Kg8 33. Qf3 Nh7 34. Bf4 Kf8 35. Qg3 Bf6 36. Rxe8+ Rxe8 37. Bd6+ Kg8 38. c4 bxc4 39. bxc4 dxc4 40. dxc4 Bd4 41. Qf3 Ng5 42. Qd1 Re6 43. Bg3 Ne4 44. Qd3 Nxg3 45. Kxg3 Re1 46. Qf3 Re6 47. h4 g6 48. Qa8+ Kg7 49. Qd5 Re2 50. f4 Re3+ 51. Kg2 Re2+ 52. Kf3 Re3+ 53. Kg2 Re2+ 54. Kf1 Rf2+ 55. Ke1 Rxf4 56. g5 Rxh4 57. gxh6+ Rxh6 58. Ke2 Rh2+ 59. Kf3 Rf2+ 60. Kg3 Rf6 61. Qd8 Re6 62. Qd5 Re3+ 63. Kg2 Re6 64. Kg3 Kh6 65. Qd7 Kg7 66. Qd5 1/2-1/2

[Event "EU-Cup Online Gr-H"]
[Site "Tornelo INT"]
[Date "2021.03.27"]
[Round "1.4"]
[White "Kusiak, Matej"]
[Black "Ahmadzada, Ahmad Samir"]
[Result "0-1"]
[WhiteElo "2251"]
[BlackElo "2431"]
[PlyCount "62"]
[EventDate "2021.03.27"]
[EventType "team-tourn (rapid)"]
[EventRounds "9"]
[EventCountry "NET"]
[SourceTitle "CBM 201 Extra"]
[Source "ChessBase"]
[SourceDate "2021.05.31"]
[SourceVersion "1"]
[SourceVersionDate "2021.05.31"]
[SourceQuality "1"]
[WhiteTeam "Prakovce"]
[BlackTeam "Vugar Gashimov"]
[WhiteTeamCountry "SVK"]
[BlackTeamCountry "AZE"]

1. e4 c5 2. Nf3 e6 3. d4 cxd4 4. Nxd4 Nf6 5. Nc3 d6 6. Be3 Be7 7. f3 0-0 8. Qd2 e5 9. Nb3 Be6 10. Be2 a5 11. a4 Nc6 12. 0-0 Nb4 13. Rfd1 Rc8 14. Rac1 d5 15. exd5 Nfxd5 16. Nxd5 Nxd5 17. Kh1 Nxe3 18. Qxe3 Qc7 19. Bd3 h6 20. Ra1 Rcd8 21. Re1 Bd6 22. Nd2 f5 23. Qe2 Kh8 24. Nc4 Bxc4 25. Bxc4 e4 26. fxe4 Bxh2 27. Bd3 Bg3 28. Rf1 Qe7 29. Qh5 fxe4 30. Bc4 e3 31. Qh3 Bf2 0-1

[Event "EU-Cup Online Gr-H"]
[Site "Tornelo INT"]
[Date "2021.03.27"]
[Round "3.4"]
[White "Kusiak, Matej"]
[Black "Arndt, Magnus"]
[Result "1/2-1/2"]
[WhiteElo "2251"]
[BlackElo "2282"]
[PlyCount "250"]
[EventDate "2021.03.27"]
[EventType "team-tourn (rapid)"]
[EventRounds "9"]
[EventCountry "NET"]
[SourceTitle "CBM 201 Extra"]
[Source "ChessBase"]
[SourceDate "2021.05.31"]
[SourceVersion "1"]
[SourceVersionDate "2021.05.31"]
[SourceQuality "1"]
[WhiteTeam "Prakovce"]
[BlackTeam "Kiel Doppelbauer"]
[WhiteTeamCountry "SVK"]
[BlackTeamCountry "GER"]

1. e4 e5 2. Nf3 Nc6 3. Nc3 Nf6 4. Bb5 Bd6 5. Bxc6 dxc6 6. h3 c5 7. d3 Nd7 8. 0-0 Nf8 9. Be3 Ne6 10. Ne2 0-0 11. Nh2 f6 12. Ng3 Nf4 13. Nh5 Qe8 14. Nxf4 exf4 15. Bd2 Qg6 16. Kh1 c4 17. Qf3 cxd3 18. cxd3 f5 19. e5 Be7 20. Bxf4 Rd8 21. Rfd1 Be6 22. d4 Bd5 23. Qg3 Qh5 24. Nf3 h6 25. Ne1 Kh7 26. Kg1 g5 27. Bd2 Rg8 28. Nd3 Rad8 29. Bb4 Qf7 30. e6 Bxe6 31. Qxc7 Rd7 32. Qc3 Bf6 33. Ne5 Bxe5 34. dxe5 Rxd1+ 35. Rxd1 g4 36. h4 f4 37. Qd3+ Kh8 38. g3 a6 39. Qe4 fxg3 40. fxg3 Rc8 41. Rf1 Qh7 42. Qxh7+ Kxh7 43. Bc3 Kg7 44. a3 Rf8 45. Rd1 Rf3 46. Kg2 Kf7 47. Rd8 Ke7 48. Rd2 Rf5 49. Rd1 Bd7 50. Rf1 Bc6+ 51. Kg1 Rf3 52. Rf2 Rxg3+ 53. Kf1 Rh3 54. Rf6 Rxh4 55. Bb4+ Ke8 56. e6 Rh1+ 57. Ke2 Bb5+ 58. Kd2 Kd8 59. Bd6 Rf1 60. Rxh6 Rf2+ 61. Ke3 Re2+ 62. Kf4 Bc6 63. Kxg4 b5 64. Kf5 Rf2+ 65. Ke5 Re2+ 66. Kd4 Be8 67. b4 Re1 68. Bc5 Rd1+ 69. Kc3 Re1 70. e7+ Kc8 71. Rxa6 Kd7 72. Rd6+ Kc7 73. Rd8 Bc6 74. Bd6+ Kb7 75. Kd4 Re4+ 76. Kd3 Re1 77. Kd2 Re4 78. Kd3 Re1 79. Kc2 Re2+ 80. Kd1 Re4 81. Bc5 Re6 82. Kd2 Re4 83. Kd3 Re6 84. Rf8 Kc7 85. Rd8 Kb7 86. Rd6 Re1 87. Rd4 Re6 88. Kd2 Re5 89. Bd6 Re6 90. Kc3 Re3+ 91. Rd3 Re6 92. Bc5 Re4 93. Re3 Rxe3+ 94. Bxe3 Be8 95. Kd4 Kc6 96. Ke5 Kd7 97. Bc5 Kc6 98. Ke6 Bh5 99. Ke5 Be8 100. Kd4 Kb7 101. Kd5 Kc7 102. Be3 Kd7 103. Bg5 Kc7 104. Kc5 Bd7 105. Bf4+ Kb7 106. Bd6 Be8 107. Be5 Bd7 108. Kd6 Be8 109. Bd4 Kc8 110. Bb6 Kb7 111. Ba5 Kc8 112. Bd8 Kb7 113. Kd5 Kc8 114. Bb6 Kb7 115. Ba5 Kc8 116. Kc5 Kb7 117. Kd6 Kc8 118. Bb6 Kb7 119. Bc5 Kc8 120. Kd5 Kb7 121. a4 bxa4 122. Kc4 Ka6 123. Kc3 Kb5 124. Kb2 Kc4 125. Ka3 Kb5 1/2-1/2

[Event "SVK-chT 1920"]
[Site "Slovakia"]
[Date "2020.09.04"]
[Round "9.8"]
[White "Brnusak, Tomas"]
[Black "Kusiak, Matej"]
[Result "1-0"]
[WhiteElo "2044"]
[BlackElo "2234"]
[PlyCount "115"]
[EventDate "2019.10.19"]
[EventType "team-tourn"]
[EventRounds "11"]
[EventCountry "SVK"]
[SourceTitle "EXT 2021"]
[Source "ChessBase"]
[SourceDate "2020.10.23"]
[SourceVersion "1"]
[SourceVersionDate "2020.10.23"]
[SourceQuality "1"]
[WhiteTeam "Liptov Chess School"]
[BlackTeam "Prakovce"]
[WhiteTeamCountry "SVK"]
[BlackTeamCountry "SVK"]

1. d4 g6 2. c4 Bg7 3. Nc3 d6 4. e4 Nc6 5. Be3 e5 6. d5 Nd4 7. Nge2 Nxe2 8. Bxe2 f5 9. f3 Bh6 10. Qd2 Qh4+ 11. g3 Bxe3 12. Qxe3 Qe7 13. 0-0-0 Nf6 14. Kb1 0-0 15. Rd2 a6 16. exf5 Bxf5+ 17. Ka1 Rae8 18. h3 Bc8 19. g4 Nd7 20. h4 Rf4 21. Ne4 Nc5 22. Nxc5 dxc5 23. Bd3 Ref8 24. Be4 Bd7 25. Qd3 Kh8 26. b3 Qd6 27. Re2 Kg7 28. h5 g5 29. Qc3 h6 30. Rhe1 Kg8 31. a3 b6 32. Re3 Qf6 33. b4 cxb4 34. axb4 a5 35. bxa5 Ra8 36. Bc2 Rxa5+ 37. Kb1 Rc5 38. Bd3 b5 39. Rxe5 bxc4 40. Bf5 Bxf5+ 41. gxf5 Kf7 42. Re7+ Qxe7 43. Rxe7+ Kxe7 44. Qe3+ Kd8 45. Qxc5 Rxf5 46. Qxc4 Rf6 47. Qd4 Rd6 48. Kc2 Kc8 49. Qe5 Kd7 50. Kc3 Rb6 51. Kd3 Rd6 52. Ke4 Rb6 53. Qg7+ Kd8 54. Ke5 Kc8 55. Qe7 Ra6 56. Qe6+ Rxe6+ 57. Kxe6 Kd8 58. Kf6 1-0

[Event "SVK-chT1E 1920"]
[Site "Slovakia"]
[Date "2020.02.22"]
[Round "8.2"]
[White "Kusiak, Matej"]
[Black "Toth, Ervin"]
[Result "1-0"]
[WhiteElo "2274"]
[BlackElo "2438"]
[PlyCount "79"]
[EventDate "2019.10.12"]
[EventType "team-tourn"]
[EventRounds "11"]
[EventCountry "SVK"]
[SourceTitle "CBM 195 Extra"]
[Source "ChessBase"]
[SourceDate "2020.05.31"]
[SourceVersion "1"]
[SourceVersionDate "2020.05.31"]
[SourceQuality "1"]
[WhiteTeam "Humenne Reinter II"]
[BlackTeam "Cebovce"]
[WhiteTeamCountry "SVK"]
[BlackTeamCountry "SVK"]

1. e4 e6 2. d4 d5 3. Nc3 Bb4 4. e5 c5 5. Bd2 Ne7 6. Nb5 Bxd2+ 7. Qxd2 0-0 8. dxc5 Nd7 9. Nf3 Ng6 10. Qd4 f6 11. exf6 Rxf6 12. 0-0-0 a6 13. Nd6 b6 14. cxb6 Nxb6 15. Nc4 Nxc4 16. Bxc4 Rf4 17. Qc5 Rb8 18. Bd3 Nf8 19. c3 Bb7 20. Qe3 Qf6 21. Bc2 Re8 22. Rd4 Rxd4 23. cxd4 Nd7 24. Re1 Nb6 25. b3 a5 26. Qe5 Nd7 27. Qc7 Bc8 28. Qxa5 Qf4+ 29. Qd2 Qg4 30. Qg5 Nf6 31. h3 Qh5 32. Qxh5 Nxh5 33. Bd3 Rf8 34. Re3 h6 35. a4 Bd7 36. Ne5 Bc8 37. Rf3 Nf6 38. b4 Rd8 39. b5 Bd7 40. Kb2 1-0

[Event "SVK-chT1W 1819"]
[Site "Slovakia"]
[Date "2019.02.23"]
[Round "8.1"]
[White "Kusiak, Matej"]
[Black "Takacs, Laszlo"]
[Result "1-0"]
[WhiteElo "2259"]
[BlackElo "2275"]
[PlyCount "87"]
[EventDate "2018.10.27"]
[EventType "team-tourn"]
[EventRounds "11"]
[EventCountry "SVK"]
[SourceTitle "CBM 189 Extra"]
[Source "ChessBase"]
[SourceDate "2019.06.03"]
[SourceVersion "1"]
[SourceVersionDate "2019.06.03"]
[SourceQuality "1"]
[WhiteTeam "Nitra NSK"]
[BlackTeam "Dunajska Streda"]
[WhiteTeamCountry "SVK"]
[BlackTeamCountry "SVK"]

1. e4 c5 2. Nf3 d6 3. d4 cxd4 4. Nxd4 Nf6 5. Nc3 g6 6. Be3 Bg7 7. Qd2 Ng4 8. Bg5 Nc6 9. Nxc6 bxc6 10. f3 Nf6 11. Bc4 a5 12. Bh6 0-0 13. Bxg7 Kxg7 14. 0-0-0 Qb6 15. Qd4 Rb8 16. Qxb6 Rxb6 17. Rhe1 Nd7 18. b3 Nc5 19. Rd4 a4 20. Re3 axb3 21. cxb3 Rb4 22. Rd2 Be6 23. Bxe6 Nxe6 24. Ne2 Ra8 25. Rc3 Ra6 26. Rdc2 Rbb6 27. Rc4 Kf6 28. Nd4 Nxd4 29. Rxd4 Ke5 30. Rdc4 g5 31. Kd2 d5 32. exd5 cxd5 33. Rc7 Kd6 34. Rc8 h6 35. Kd3 Rb7 36. Rd8+ Rd7 37. Rxd7+ Kxd7 38. a4 e5 39. Ra2 Rc6 40. a5 Ra6 41. Kc3 Kc6 42. Kb4 d4 43. Kc4 d3 44. b4 1-0

[Event "SVK-chT1W 1819"]
[Site "Slovakia"]
[Date "2019.01.12"]
[Round "5.2"]
[White "Chovan, Milan"]
[Black "Kusiak, Matej"]
[Result "1-0"]
[WhiteElo "2321"]
[BlackElo "2259"]
[PlyCount "113"]
[EventDate "2018.10.27"]
[EventType "team-tourn"]
[EventRounds "11"]
[EventCountry "SVK"]
[SourceTitle "CBM 188 Extra"]
[Source "ChessBase"]
[SourceDate "2019.02.26"]
[SourceVersion "1"]
[SourceVersionDate "2019.02.26"]
[SourceQuality "1"]
[WhiteTeam "Nitra ASK"]
[BlackTeam "Nitra NSK"]
[WhiteTeamCountry "SVK"]
[BlackTeamCountry "SVK"]

1. d4 Nf6 2. c4 g6 3. Nc3 Bg7 4. e4 0-0 5. Nf3 d6 6. Be2 Nc6 7. d5 Nb8 8. Be3 c6 9. h3 Na6 10. 0-0 Bd7 11. Qd2 b6 12. Rad1 cxd5 13. cxd5 Nc5 14. Qc2 Rc8 15. Qb1 Ne8 16. Nd4 a5 17. Rfe1 Nf6 18. Bf3 Re8 19. e5 dxe5 20. Nc6 Bxc6 21. dxc6 Qc7 22. Nb5 Qb8 23. c7 Rxc7 24. Nxc7 Qxc7 25. Bxc5 Qxc5 26. Qc1 Qb4 27. Rxe5 e6 28. a3 Qh4 29. Qc6 Qf4 30. Rb5 e5 31. Qc7 h5 32. Rxb6 g5 33. Rb7 Rf8 34. Rd8 Ne8 35. Qc6 Nf6 36. Rxf8+ Bxf8 37. g3 Qf5 38. Qc4 Qg6 39. Bd1 Ne8 40. Bc2 Qf6 41. Qe4 Bc5 42. Qf5 Qxf5 43. Bxf5 Nd6 44. Rb8+ Kg7 45. Bd3 e4 46. Be2 h4 47. gxh4 gxh4 48. b4 axb4 49. axb4 Bd4 50. Rd8 Be5 51. b5 Kf6 52. Rh8 Nf5 53. b6 Nd4 54. Bc4 Bf4 55. Rc8 Nf3+ 56. Kh1 Be5 57. Bb5 1-0

[Event "SVK-chT1W 1718"]
[Site "Slovakia"]
[Date "2018.02.03"]
[Round "7.3"]
[White "Jakab, Bela"]
[Black "Kusiak, Matej"]
[Result "1/2-1/2"]
[WhiteElo "2182"]
[BlackElo "2280"]
[PlyCount "172"]
[EventDate "2017.10.21"]
[EventType "team-tourn"]
[EventRounds "11"]
[EventCountry "SVK"]
[SourceTitle "EXT 2019"]
[Source "ChessBase"]
[SourceDate "2018.10.10"]
[SourceVersion "1"]
[SourceVersionDate "2018.10.10"]
[SourceQuality "1"]
[WhiteTeam "Komarno KSC"]
[BlackTeam "Nitra NSK"]
[WhiteTeamCountry "SVK"]
[BlackTeamCountry "SVK"]

1. e4 Nc6 2. Nf3 d6 3. d4 Nf6 4. Bd3 Bg4 5. c3 g6 6. Nbd2 Bg7 7. h3 Bc8 8. Nf1 0-0 9. Ng3 e5 10. 0-0 Nd7 11. Be3 Ne7 12. Qc2 c6 13. Rad1 Qc7 14. b4 a5 15. a3 Nb6 16. dxe5 dxe5 17. c4 h6 18. c5 Nd7 19. Rd2 axb4 20. axb4 Rd8 21. Rfd1 Nf8 22. Bc4 Be6 23. Rd6 Bxc4 24. Qxc4 Ne6 25. Qd3 Kh7 26. Rd2 Bf6 27. Qb3 Nc8 28. Rxd8 Bxd8 29. Qd1 Bf6 30. Rd7 Ra1 31. Rxf7+ Qxf7 32. Qxa1 Qg7 33. Qa2 Qd7 34. Qd2 Qxd2 35. Bxd2 b6 36. cxb6 Nxb6 37. Bc3 Nd7 38. Nf1 Nf4 39. Ng3 Kg7 40. Kf1 Kf7 41. Bd2 h5 42. Bxf4 exf4 43. Ne2 g5 44. h4 g4 45. Ne1 f3 46. gxf3 Bxh4 47. Nd4 c5 48. Nf5 Bg5 49. b5 Kf6 50. Nd6 Nb6 51. Ke2 c4 52. Nc2 Bf4 53. Nf5 Ke5 54. Nfe3 g3 55. Ng2 Na4 56. fxg3 Bxg3 57. Ke3 Bh2 58. f4+ Kd6 59. Kd4 Bg1+ 60. Kxc4 Bf2 61. e5+ Ke7 62. Nd4 Nb6+ 63. Kd3 Nd5 64. Nf5+ Kf7 65. Ke2 Bc5 66. Kf3 Nc3 67. Nfh4 Nxb5 68. f5 Be7 69. Kf4 Nd4 70. Ke4 Ne2 71. Ng6 Bg5 72. N6h4 Ng3+ 73. Kd5 Bf6 74. exf6 Kxf6 75. Ne3 Nxf5 76. Nexf5 Kg5 77. Ke5 Kg4 78. Ke4 Kg5 79. Kf3 Kf6 80. Kf4 Ke6 81. Ng3 Kd5 82. Ne2 Ke6 83. Ke4 Kf6 84. Nf4 Kg5 85. Nf3+ Kg4 86. Nxh5 Kxh5 1/2-1/2

[Event "EU-ch rapid"]
[Site "Katowice"]
[Date "2017.12.17"]
[Round "10"]
[White "Kusiak, Matej"]
[Black "Aleksandrov, Aleksej"]
[Result "0-1"]
[WhiteElo "2280"]
[BlackElo "2589"]
[PlyCount "92"]
[EventDate "2017.12.16"]
[EventType "swiss (rapid)"]
[EventRounds "11"]
[EventCountry "POL"]
[SourceTitle "CBM 182 Extra"]
[Source "ChessBase"]
[SourceDate "2018.02.23"]
[SourceVersion "1"]
[SourceVersionDate "2018.02.23"]
[SourceQuality "1"]

1. e4 e5 2. Nf3 Nc6 3. Bb5 Nf6 4. d3 d6 5. 0-0 Bd7 6. c3 g6 7. Re1 Bg7 8. Nbd2 0-0 9. Nf1 Nh5 10. d4 Nxd4 11. Nxd4 exd4 12. Bxd7 dxc3 13. Bg4 cxb2 14. Bxb2 Bxb2 15. Rb1 Qf6 16. Bxh5 gxh5 17. Qxh5 Bd4 18. Ne3 b6 19. Nf5 Kh8 20. Rb3 Be5 21. Rh3 Qg6 22. Qf3 Rae8 23. Rh6 Qg8 24. Re3 Re6 25. Rh4 c5 26. Qd1 Rg6 27. g3 Bf6 28. Rh5 Re8 29. Qd5 Re6 30. Rf3 Qf8 31. Kg2 b5 32. Rf4 b4 33. Nh4 Bxh4 34. Rfxh4 h6 35. f4 Rgf6 36. e5 dxe5 37. Rxe5 Qd6 38. Qa8+ Kg7 39. Rg4+ Rg6 40. Rxg6+ Rxg6 41. Rd5 Qc6 42. Qd8 c4 43. h4 c3 44. f5 Rf6 45. Kh3 c2 46. Rd4 h5 0-1

[Event "EU-ch rapid"]
[Site "Katowice"]
[Date "2017.12.16"]
[Round "3"]
[White "Kiratzopoulos, Efthimios"]
[Black "Kusiak, Matej"]
[Result "0-1"]
[WhiteElo "2204"]
[BlackElo "2280"]
[PlyCount "88"]
[EventDate "2017.12.16"]
[EventType "swiss (rapid)"]
[EventRounds "11"]
[EventCountry "POL"]
[SourceTitle "CBM 182 Extra"]
[Source "ChessBase"]
[SourceDate "2018.02.23"]
[SourceVersion "1"]
[SourceVersionDate "2018.02.23"]
[SourceQuality "1"]

1. d4 b6 2. e4 Bb7 3. Bd3 d6 4. Nf3 Nd7 5. 0-0 e5 6. Nc3 Ngf6 7. Bg5 Be7 8. dxe5 dxe5 9. Qe2 0-0 10. Bxf6 Bxf6 11. Rad1 Qe7 12. Ba6 Bxa6 13. Qxa6 Nc5 14. Qc4 c6 15. a4 Qe6 16. Qxe6 Nxe6 17. Rd6 Rac8 18. Rfd1 Rfd8 19. Rd7 Rxd7 20. Rxd7 Rc7 21. Rd1 Kf8 22. b3 Ke7 23. g3 Rd7 24. Rxd7+ Kxd7 25. Kf1 a5 26. Ke2 Kd6 27. Kd3 Kc5 28. Ne2 b5 29. Kc3 Kb6 30. axb5 cxb5 31. Nd2 Be7 32. Kb2 Bc5 33. f4 Be3 34. Nf1 exf4 35. Nxe3 fxe3 36. Kc3 Kc5 37. Kd3 a4 38. bxa4 bxa4 39. Nc3 a3 40. Kxe3 Kc4 41. Na2 Nd4 42. Kf4 Nxc2 43. Ke5 Nb4 44. Nc1 Nd3+ 0-1

[Event "EU-ch blitz"]
[Site "Katowice"]
[Date "2017.12.15"]
[Round "13"]
[White "Kusiak, Matej"]
[Black "Gajewski, Grzegorz"]
[Result "1-0"]
[WhiteElo "2280"]
[BlackElo "2601"]
[PlyCount "129"]
[EventDate "2017.12.15"]
[EventType "swiss (blitz)"]
[EventRounds "22"]
[EventCountry "POL"]
[SourceTitle "CBM 182 Extra"]
[Source "ChessBase"]
[SourceDate "2018.02.23"]
[SourceVersion "1"]
[SourceVersionDate "2018.02.23"]
[SourceQuality "1"]

1. e4 c5 2. Nf3 e6 3. d4 cxd4 4. Nxd4 a6 5. c4 Qc7 6. Nc3 Nf6 7. Be2 b6 8. 0-0 Bb7 9. f3 Bd6 10. h3 Bh2+ 11. Kh1 Bf4 12. Bxf4 Qxf4 13. Qc1 Qxc1 14. Raxc1 d6 15. Rfd1 Ke7 16. Kg1 Nbd7 17. Kf2 g5 18. Rd2 Rac8 19. Rcd1 Ne5 20. Na4 Nxc4 21. Bxc4 Rxc4 22. b3 Rc7 23. Nxb6 Rb8 24. Nc4 d5 25. exd5 Nxd5 26. Re1 Rd8 27. Nf5+ Kf8 28. Nfe3 Rb8 29. Nxd5 Bxd5 30. Ne3 Ba8 31. Rc2 Rxc2+ 32. Nxc2 Ke7 33. Re5 Kf6 34. Rc5 Rd8 35. Ke2 h5 36. Ne3 Rd4 37. Rc7 Rd6 38. Rc8 Bc6 39. Nc4 Bb5 40. a4 Rc6 41. Rxc6 Bxc6 42. Ke3 Kf5 43. Nd6+ Kf6 44. a5 Ke7 45. Ne4 f6 46. Nc5 Bb5 47. Ne4 e5 48. g3 Ke6 49. f4 exf4+ 50. gxf4 g4 51. hxg4 hxg4 52. Ng3 Kd5 53. Kd2 Bd7 54. Kc3 Kc5 55. b4+ Kb5 56. Ne4 Bf5 57. Nd6+ Kc6 58. Nxf5 Kd5 59. Ng3 Kd6 60. Kd4 Kc6 61. Kc4 Kd6 62. b5 axb5+ 63. Kxb5 Kc7 64. Kc5 Kb7 65. Kd5 1-0

[Event "EU-ch blitz"]
[Site "Katowice"]
[Date "2017.12.15"]
[Round "5"]
[White "Kusiak, Matej"]
[Black "Kovalev, Denis"]
[Result "0-1"]
[WhiteElo "2280"]
[BlackElo "2504"]
[PlyCount "70"]
[EventDate "2017.12.15"]
[EventType "swiss (blitz)"]
[EventRounds "22"]
[EventCountry "POL"]
[SourceTitle "CBM 182 Extra"]
[Source "ChessBase"]
[SourceDate "2018.02.23"]
[SourceVersion "1"]
[SourceVersionDate "2018.02.23"]
[SourceQuality "1"]

1. e4 c6 2. d4 d5 3. Nc3 dxe4 4. Nxe4 Bf5 5. Ng3 Bg6 6. h4 h6 7. Nf3 Nf6 8. Ne5 Bh7 9. Bc4 e6 10. c3 Nbd7 11. Qe2 Nxe5 12. dxe5 Nd5 13. Ne4 Be7 14. g3 0-0 15. f4 Qb6 16. Bd3 Rad8 17. Bc2 Kh8 18. Qf2 Qxf2+ 19. Kxf2 f6 20. exf6 Nxf6 21. Re1 e5 22. Kg2 Nxe4 23. Bxe4 Bxe4+ 24. Rxe4 Rd1 25. Rxe5 Bf6 26. Re2 Rfd8 27. Rc2 Re1 28. a4 Rdd1 29. a5 a6 30. b3 h5 31. Kf2 Kh7 32. Re2 Rf1+ 33. Kg2 Rxc1 34. Rxc1 Rxc1 35. c4 Rc3 0-1